Statistics for General Knowledge Quiz #172

Click here to take the quiz!

General Stats

  • This quiz has been taken 16,652 times
  • The average score is 12 of 20

Answer Stats

Question Answer % Correct
What painting is famous for the enigmatic smile of the woman depicted on it?Mona Lisa
93%
What word, starting with m, refers to the season of heavy rain in India?Monsoon
88%
What two cities lie on opposite ends of the Trans-Siberian Railway?Moscow
81%
What cryptocurrency could be purchased for $1 in 2011, but was worth over $2,000 in 2017?Bitcoin
79%
What are the three countries whose names start with H?Haiti
79%
What are the three countries whose names start with H?Hungary
79%
What are the three countries whose names start with H?Honduras
78%
What country was ruled by 11 leaders with the name Ramses?Egypt
77%
Shia is one of the two major branches of Islam. What is the other?Sunni
70%
Who signed the Emancipation Proclamation on January 1, 1863?Abraham Lincoln
68%
What is the name of the current dynasty of the British royal family?House of {Windsor}
66%
What is the Portuguese translation of Saint Paul?São Paulo
61%
On what cape is the city of Cape Town located?Cape of Good Hope
60%
What three words end the nursery rhyme "London Bridge is Falling Down"?My Fair Lady
56%
What company purchased Whole Foods in 2017?Amazon
41%
What was Chaucer's first name?Geoffrey
40%
What two cities lie on opposite ends of the Trans-Siberian Railway?Vladivostok
39%
Other than the sun, what is the nearest star to Earth?Proxima Centauri
33%
What can be started by a "casus belli"?a War
29%
What is the largest species of invertebrate?Colossal Squid
27%

Score Distribution

Percentile by Number Answered

Percent of People with Each Score

Your Score History

You have not taken this quiz